| 000 | 00728nam a2200229Ii 4500 | ||
|---|---|---|---|
| 003 | JO-AjNU | ||
| 008 | 230605s9999||||xx |||||||||||||| ||und|| | ||
| 017 | _a1969/2772 | ||
| 040 |
_aJO-AjNU _bara _erda _cJO-AjNU |
||
| 041 | _aara | ||
| 050 | 1 | 4 | _aB168.Y65.1970 |
| 100 | 3 |
_aكرم، يوسف, _eauthor _937996 |
|
| 245 | 0 | 0 | _aتاريخ الفلسفة اليونانية |
| 250 | _aط5 | ||
| 264 | 3 | 1 | _aالقاهرة:مطبعة لجنة التأليف والترجمة والنشر ،1970 |
| 300 | _a314ص | ||
| 336 |
_atext _btxt _2rdacontent |
||
| 337 |
_aunmediated _bn _2rdamedia |
||
| 338 |
_avolume _bnc _2rdacarrier |
||
| 490 | 0 | _aالسلسلة الفلسفية | |
| 650 | 4 |
_aفلسفة يونانية _937997 |
|
| 999 |
_aA15926 _c19494 _d19494 |
||